000 00319nam a22001457a 4500
008 230913b ||||| |||| 00| 0 eng d
020 _a0486273784
041 _aeng
080 _a521
082 _a521BER
100 _a19
101 _aASTRO
245 _aTHE RIDDLE OF GRAVITATION
_cBERGMANN.G.P
942 _2udc
_cBK
999 _c60365
_d60365